000 00510nam a2200193Ia 4500
008 240510s9999 xx 000 0 und d
020 _a156592567X
041 _aEng
082 _a005.7575
082 _bL55
100 _aLoney K. :Theriault M.
245 0 _aOracle 8i DBA hand Book :effectively manage a high-performance oracle database
260 _bNew York-Osborne
260 _c2000
300 _a979 p.
650 _aDatabase Management:Data Management:Oracle
942 _2ddc
942 _cLBK
999 _c26964
_d26964
945 _a1
_bMadushi Gamage
_c1
_dMadushi Gamage